| 000 | 00318nam a2200109Ia 4500 | ||
|---|---|---|---|
| 008 | 220204s9999 xx 000 0 und d | ||
| 082 |
_a331.101.38 _bIND |
||
| 245 | 0 | _aIncentive systems: Principles and practice in India | |
| 260 |
_aIndia _bMinistry of Labour and Employment |
||
| 650 | _aIncentive systems | ||
| 942 | _cBK | ||
| 999 |
_c20037 _d20037 |
||